000 01039cam a22003257a 4500
003 CHAP
005 20220329140013.0
008 971013s1962 r 00010 d
010 _a45380
011 _a46352
035 _a50493
040 _cCHAP
082 _a536.5
_bT47
100 0 0 _aTerny, Michel.
_9112372
245 1 3 _aLa mesure des températures au laboratoire et dans l'industrie
260 _aParis :
_bDunod,
_c1962
300 _a320 p.
_b: ilus.
590 _aBATCH-UPD
_b10
_c20130110
_lUCH01
_h1757
590 _aBATCH-UPD
_b10
_c20130410
_lUCH01
_h1134
590 _aBATCH-UPD
_b10
_c20130914
_lUCH01
_h1915
590 _aCONVERSION
_b10
_c20130109
_lUCH01
_h1325
650 1 4 _aPirómetros y pirometría.
_988519
650 1 4 _aTermodinámica.
_9112366
650 1 4 _aTermoelectricidad.
_9112368
650 1 4 _aTermometría.
_9112369
901 _aBK
942 _cLIBRO
949 _a536.5 T47
_bBC
_cLIBRO
_d33724000399598
_eLIBRO
_h1998
_i50493
_si
949 _a536.5 T47
_bBC
_cLIBRO
_d33724000399606
_eLIBRO
_fc.2
_h41871
_i50493
_si
999 _c45380
_d45380